Statystyki dla Stolice świata najbliżej Bratysławy

Kliknij tutaj aby rozwiązać quiz!

Ogólne statystyki

  • Ten quiz został rozwiązany 137 razy
  • Średni wynik to 16 z 20

Statystyki odpowiedzi

kmstolica% Poprawnych
534Warszawa
100%
162Budapeszt
98%
288Praga
98%
553Berlin
97%
56Wiedeń
96%
273Zagrzeb
90%
806Bukareszt
88%
453Belgrad
80%
305Lublana
80%
737Berno
78%
784Rzym
78%
488Sarajewo
75%
777Sofia
75%
789Tirana
69%
580Vaduz
67%
658Podgorica
66%
688Prisztina
63%
764Skopje
63%
591San Marino
59%
785Watykan
59%

Rozkład punktacji

Percentyl według liczby udzielonych odpowiedzi

Procent ludzi z każdym wynikiem

Twoja historia wyników

Nie rozwiązałeś tego quizu